000 00318 a2200133 4500
001 153747
040 _cEscola São Tomás de Aquino
100 _aMACHADO, Ana Maria
240 1 0 _aUma gota de mágica
_lpor
245 1 0 _aUma gota de mágica
440 1 _aSalamandra
697 _a*LITERATURA INFANTIL
942 _cBK
999 _c153747
_d153747